| 000 | 00743nam a22002297a 4500 | ||
|---|---|---|---|
| 003 | OSt | ||
| 005 | 20260310033620.0 | ||
| 008 | 260310b |||||||| |||| 00| 0 eng d | ||
| 020 | _a0-395-43236-7. | ||
| 040 |
_aDWCL Main lib _cOC |
||
| 082 |
_22nd ed. _aCirc. 305.23121 S459c 1991 |
||
| 100 | _aSeifert, Kelvin L. | ||
| 245 |
_aChild and adolescent development _cKelvin L. Seifert |
||
| 250 | _a2nd ed. | ||
| 260 |
_aBoston : _bHoughton Mifflin Company, _cc1991. |
||
| 300 |
_axxv, 608, G-11, R-25, A-2, I-20 p. : _bcol. ill. ; _c28 cm. |
||
| 504 | _aIncludes bibliographical references and index. | ||
| 650 | _aAdolescence. | ||
| 650 | _aChild development. | ||
| 700 | _aRobert J. Hoffnung | ||
| 942 |
_2ddc _cBK-CIRC _e2nd ed. _kCirc. _n0 |
||
| 999 |
_c8847 _d8847 |
||